000 01028nam a22002537i 4500
003 URS
005 20230216152044.0
008 190302b ||||| |||| 00| 0 eng d
040 _beng
_erda
_cURS Pililla Library
082 0 0 _bT BEP F9 2015
100 1 _aNuas, Jomarie T.
_eresearcher
245 1 0 _aAntas ng pagtanggap ng worksheets sa pakikinig ng mga guro sa Filipino sa ika-7 baitang sa unang distrito ng Tanay, taong panuruan 2014-2015/
_cJomarie T. Nuas
300 _axii, 119 leaves;
_c28 cm.
336 _atext
_btxt
_2rdacontent
337 _aunmediated
_bn
_2rdamedia
338 _avolume
_bnc
_2rdacarrier
502 _aTesis
_bBatsilyer ng Edukasyong Pansekundarya Medyor sa Filipino
_cUniversity of Rizal System Pililla
700 1 _aCatapusan, Edna A.
_eadviser
700 1 _aOrtega, Jody O.
_eresearcher
700 1 _aPillas, Angelo S.
_eresearcher
700 1 _aSacapaƱo, Gliza E.
_eresearcher
856 _uhttps://drive.google.com/file/d/1eYnY7Z0h1udvuLl-dIGw8O0SaqpwwcLX/view?usp=share_link
942 _2ddc
_cT
999 _c9227
_d9227